The history of Africa: The quest for eternal harmony

Guardat en:
Dades bibliogràfiques
Autor principal: Asante,Molefi Kete
Format: Llibre
Idioma:anglès
Publicat: Routledge 2019
Etiquetes: Afegir etiqueta
Sense etiquetes, Sigues el primer a etiquetar aquest registre!

MARC

LEADER 00000nam a22000007a 4500
008 210621b ||||| |||| 00| 0 eng d
020 |a 9781138710382 
100 |a Asante,Molefi Kete 
245 |a The history of Africa:  |b The quest for eternal harmony  |c Molefi Kete Asante 
250 |b 3rd Edition 
260 |b Routledge  |c 2019  |h New York  |i 696202  |i 696203  |i 696204  |l DT 20.A2  |m African-History  |m African Civilization 
500 |a It includes bibliographical references and index 
942 |a lcc  |c BK  |e Olagoke,M.A  |f 21/06/2021 
952 |0 0  |1 0  |2 lcc  |4 0  |6 DT0020 A2  |7 0  |9 2636  |a HOL  |b ART  |c AF  |d 2021-06-21  |l 0  |o DT20.A2  |p 2021-6483  |r 2021-06-21 00:00:00  |w 2021-06-21  |y BK 
952 |0 0  |1 0  |2 lcc  |4 0  |6 DT0020 A2  |7 0  |9 2637  |a HOL  |b ART  |c AF  |d 2021-06-21  |l 0  |o DT20.A2  |p 2021-6484  |r 2021-06-21 00:00:00  |w 2021-06-21  |y BK 
952 |0 0  |1 0  |2 lcc  |4 0  |6 DT0020 A2  |7 0  |9 2638  |a HOL  |b ART  |c AF  |d 2021-06-21  |l 0  |o DT20.A2  |p 2021-6485  |r 2021-06-21 00:00:00  |w 2021-06-21  |y BK 
999 |c 1380  |d 1380